|
|
|
|
| LEADER |
00933cam a2200241 7i4500 |
| 001 |
0000032820 |
| 005 |
20200411090000.0 |
| 008 |
200411s1993 enkabc ### #10001eng## |
| 020 |
# |
# |
|a 1870077156
|
| 040 |
# |
# |
|a UMT
|
| 090 |
0 |
0 |
|a VK 1250
|b .N3 1993
|
| 110 |
2 |
# |
|a Nautical Institute
|
| 245 |
1 |
0 |
|a Accident and loss prevention at sea :
|b International Conference and Worksheps : November 1993
|c The Nautical Inmtitute, Project '93.
|
| 264 |
# |
1 |
|a London:
|b The Nautical Institute,
|c 1993.
|
| 300 |
# |
# |
|a 80 pages:
|b some colour illustrations, maps, portrait;
|c 30 cm.
|
| 336 |
# |
# |
|a text
|2 rdacontent
|
| 337 |
# |
# |
|a unmediated
|2 rdamedia
|
| 338 |
# |
# |
|a volume
|2 rdacarrier
|
| 590 |
# |
# |
|a Perpustakaan Sultanah Nur Zahirah
|
| 650 |
0 |
0 |
|a Marine accidents
|
| 650 |
0 |
0 |
|a Ships --
|x Safety regulations
|
| 710 |
2 |
# |
|a International Conference and Workshops on Acident and logs prevention at sea 1993
|
| 999 |
|
|
|a 1100021811
|b Book
|c Rujukan
|e KOLEKSI RUJUKAN
|